000 01080nas a2200289 4500
001 BR8402438
003 BR-BrBNA
005 20231205085913.0
007 ta
008 230509b bl.|||p| |||| 00| 00por d
040 _aBR-BrBNA
_bpor
_cBiblioteca Nacional de Agricultura
041 _a(Pt)
072 _aH10
100 1 _aSampaio, A.S.
100 1 _aMyazaki, I.
100 1 _aSuplicy Filho, N.
100 1 _aOliveira, D.A.
245 1 _aEstudo do grau de infestacao de Opogona sacchari (Bojer, 1856)(Lepidoptera: Lyonetiidae)em bananais do litoral paulista [traca, Musa acuminata, Brasil]
246 1 _aStudies on the dissemination of Opogona sacchari (Bojer, 1856)(Lepidoptera: Lyonetiidae)in banana plantations located in the southern coastal areas of the state of Sao Paulo [moth, Musa acuminata, Brazil]
650 _aBANANA
650 _aTRACA
650 _aINFESTACAO
650 _aSAO PAULO
773 0 _tBiologico (Brazil)
_xISSN 0366-0567
_g(Feb 1983), v. 49(2) p. 27-33
_wBR8402438
909 _a202311
_bLúcia
_c55
_dLúcia Elande
942 _2AGRIS
_n0
_cANA
999 _c114663
_d114663